Dragon Ball-9 (Record no. 12814)

MARC details
000 -LEADER
fixed length control field 00244nam a22000977a 4500
008 - FIXED-LENGTH DATA ELEMENTS--GENERAL INFORMATION
fixed length control field 250823b |||||||| |||| 00| 0 eng d
020 ## - INTERNATIONAL STANDARD BOOK NUMBER
International Standard Book Number 9781569319383
100 ## - MAIN ENTRY--PERSONAL NAME
Personal name Toriyama Akira
9 (RLIN) 7847
245 ## - TITLE STATEMENT
Title Dragon Ball-9
260 ## - PUBLICATION, DISTRIBUTION, ETC. (IMPRINT)
Place of publication, distribution, etc. USA
Name of publisher, distributor, etc. Shonen Jump
Date of publication, distribution, etc. 2021

No items available.

Powered by Koha